Všetko pre spokojnosť občana. Andersen Consulting pri reforme sociálneho zabezpečenia vo Veľkej Británii.
Andersen Consulting - firma realizujúca od r. 1983 systémovú integráciu v oblasti sociálneho zabezpečenia vo V. Británi spolu s ministerstvom sociálnych vecí - najväčší projekt informačných technológií v štátnom sektore v Európe. Jeho základný kameň, celostný prístup k poistencovi. Možnosť aplikácie...
Guardado en:
| Autor principal: | |
|---|---|
| Formato: | Capítulo de libro |
| Lenguaje: | eslovaco |
| Materias: | |
| Etiquetas: |
Sin Etiquetas, Sea el primero en etiquetar este registro!
|
MARC
| LEADER | 00000naa a2200000 4500 | ||
|---|---|---|---|
| 001 | r012690 | ||
| 005 | 20220826094333.6 | ||
| 041 | 0 | |a slo | |
| 044 | |a SK | ||
| 245 | 1 | 0 | |a Všetko pre spokojnosť občana. |b Andersen Consulting pri reforme sociálneho zabezpečenia vo Veľkej Británii. |c J. Bajánek |
| 520 | |a Andersen Consulting - firma realizujúca od r. 1983 systémovú integráciu v oblasti sociálneho zabezpečenia vo V. Británi spolu s ministerstvom sociálnych vecí - najväčší projekt informačných technológií v štátnom sektore v Európe. Jeho základný kameň, celostný prístup k poistencovi. Možnosť aplikácie tohto systému na Slovensku. | ||
| 610 | 2 | 0 | |a zabezpečenie sociálne |
| 610 | 2 | 0 | |a technológie informačné |
| 610 | 2 | 0 | |a Andersen Consulting |
| 610 | 2 | 0 | |a systémy informačné integrované |
| 610 | 2 | 0 | |a Veľká Británia |
| 610 | 2 | 0 | |a poistenie sociálne |
| 610 | 2 | 0 | |a využitie počítačov |
| 100 | 1 | |a Bajánek, J. | |